| 000 | 01232nam a2200349 a 4500 | ||
|---|---|---|---|
| 001 | 000111830 | ||
| 003 | CHAP | ||
| 005 | 20220329144231.0 | ||
| 008 | 150922s2015 mx a |sm |||||||spa d | ||
| 010 | _a108291 | ||
| 011 | _a109263 | ||
| 040 | _cCHAP | ||
| 090 | _aTesis | ||
| 100 | 1 |
_aBata Huerta, Rosa Isela _9129802 |
|
| 245 | 1 | 0 |
_aFormulación de una barra tipo "SNACK" nutracéutica y probiótica _h[En línea] _cpor Rosa Isela Bata Huerta y Raul Flores Francisco. |
| 260 |
_aChapingo, Méx. : _bEl autor, _c2015. |
||
| 500 | _aPara ver el contenido del material haga clic en la liga | ||
| 502 | _aTesis (Ing. Agroindustrial ) -- UACH. Departamento de Ingeniería Agroindustrial | ||
| 590 |
_aBATCH _b00 _c20181121 _lUCH01 _h0758 |
||
| 590 |
_aE5652GLJ _b05 _c20150922 _lUCH01 _h1130 |
||
| 590 |
_aE5652GLJ _b05 _c20150922 _lUCH01 _h1130 |
||
| 650 | 1 | 4 |
_aAlimentos balanceados. _94301 |
| 650 | 1 | 4 |
_aAlimentos _xPreservación. _94266 |
| 650 | 1 | 4 |
_aAlimentos _xSubproductos. _94283 |
| 650 | 1 | 4 |
_aEncapsulación. _936725 |
| 700 | 1 |
_aFlores Francisco, Raul _9129803 |
|
| 856 |
_a1 _n0000821 |
||
| 856 |
_aFinding aid _uhttp://10.13.5.2/tesis/sist111830.pdf _zTeclea aquí |
||
| 901 | _aBK | ||
| 942 | _cTESIS | ||
| 942 | _n0 | ||
| 999 |
_c108291 _d108291 |
||